Najdroższy piłkarz z danego klubu cz.2 - Statystyki

Ogólne statystyki
  • Ten quiz został rozwiązany 569 razy
  • Średni wynik to 6 z 10
Statystyki odpowiedzi
Klub / Wartość najdroższego piłkarza Najdroższy piłkarz % Poprawnych
Borussia Dortmund / 130mln € Sancho
87%
Herta Berlin / 27 mln € Piątek
82%
Lokomotiw Moskwa / 20mln € Krychowiak
80%
Inter Mediolan / 85mln € Eriksen / Lukaku
74%
Bayern Monachium / 90mln € Gnabry
65%
Athletic Bilbao / 50mln € Williams
57%
Wolverhampton Wanderers / 50mln € Jimenez / Neves
50%
Atalanta Bergamo / 45mln € Zapata
45%
AS Roma / 50mln € Zaniolo
33%
FC Porto / 40mln € Telles
20%
Nie znaleziono quizów pasujących do podanych kryteriów
Rozkład punktacji
Procent ludzi z każdym wynikiem
Percentyl według liczby udzielonych odpowiedzi
Twoja historia wyników
Nie rozwiązałeś tego quizu